Economic valuation of business- related ecosystem services: (Registro nro. 20663)

Detalles MARC
000 -CABECERA
Campo de control 01034nam a22002657a 4500
005 - FECHA Y HORA DE LA ULTIMA TRANSACCION
Campo de control 20191227090248.0
008 - ELEMENTOS DE LONGITUD FIJA—INFORMACION GENERAL
Campo de control 191227b xxu||||| |||| 00| 0 spa d
040 ## - FUENTE DE CATALOGACIÓN
Agencia catalogadora original CO-BoIAVH
Agencia transcriptora CO-BoIAVH
041 ## - IDIOMA
Código de idioma para texto/pista de sonido o título separado Español
044 ## - PAÍS DE PUBLICACIÓN
País de publicación Brasil
082 ## - NUMERO DE CLASIFICACION DECIMAL DEWEY
Número de clasificación 658
Número del ítem M76e
100 ## - ASIENTO PRINCIPAL--NOMBRE PERSONAL
9 (RLIN) 102147
Nombre personal Monzoni, Mario [et.al.]
245 ## - MENCION DE TITULO
Título Economic valuation of business- related ecosystem services:
Parte restante del título Case studies of trends in Ecosystem services.(TeSE)
260 ## - PUBLICACION, DISTRIBUCION, ETC. (PIE DE IMPRENTA)
Lugar de publicación, distribución, etc. Sao Paulo:
Nombre del editor, distribuidor, etc. Center for Sustainability Studies of Sao Paulo Business Administration School at Getulio Vargas Foundation,
Fecha de publicación, distribución, etc. 2016.
300 ## - DESCRIPCION FISICA
Extensión 41 Páginas:
Otros detalles físicos fotografías,
Dimensiones 27 x 20 cm.
650 #0 - ASIENTO SECUNDARIO DE MATERIA - TERMINO TEMATICO
9 (RLIN) 466
Término temático o nombre geográfico como elemento de entrada Administración ambiental
650 #0 - ASIENTO SECUNDARIO DE MATERIA - TERMINO TEMATICO
9 (RLIN) 25523
Término temático o nombre geográfico como elemento de entrada Conservación de ecosistemas
650 #0 - ASIENTO SECUNDARIO DE MATERIA - TERMINO TEMATICO
9 (RLIN) 46642
Término temático o nombre geográfico como elemento de entrada Administración de empresas
Subdivisión general Aspectos ambientales.
650 #0 - ASIENTO SECUNDARIO DE MATERIA - TERMINO TEMATICO
9 (RLIN) 7111
Término temático o nombre geográfico como elemento de entrada Servicios ambientales
700 ## - ASIENTO SECUNDARIO - NOMBRE PERSONAL
9 (RLIN) 102149
Nombre personal Lutti, Natalia
700 ## - ASIENTO SECUNDARIO - NOMBRE PERSONAL
9 (RLIN) 102151
Nombre personal Camolesi, Thais
700 ## - ASIENTO SECUNDARIO - NOMBRE PERSONAL
9 (RLIN) 102152
Nombre personal Lisbona. Philippe
710 ## - ASIENTO SECUNDARIO - NOMBRE CORPORATIVO
9 (RLIN) 102153
Nombre corporativo o de jurisdicción como elemento de entrada Getulio Vargas Foundation
942 ## - ELEMENTOS ADICIONALES (KOHA)
Sistema de clasificación Dewey Decimal Classification
Tipo de ítem Libro
Existencias
Withdrawn status Lost status Sistema de Clasificación Damaged status No para préstamo Colección Ubicación Permanente Ubicación actual Fecha de adquisición Total Checkouts Número topográfico Inventario / Código de Barras Date last seen Ejemplar Price effective from Forma de adquisición Tipo de material
    Dewey Decimal Classification     General Bogotá Bogotá 27/12/2019   LB-658 M76e 043944 27/12/2019 Ej.1 27/12/2019 Donación Libro